000 00569nam a2200193 4500
001 145389
003 ES-MaACL
005 20230906201224.0
007 t|
008 070214s1980 sp r ||||1| spa d
100 1 _aSoroa y Pineda, Manuel de.
_9107415
245 1 0 _aPedro I el Cruel
_b: (una guerra civil en Castilla) /
_cManuel de Soroa y Pineda.
260 _aMadrid :
_bEspejo,
_c1980.
300 _a518 p. ;
_c19 cm.
490 1 _aEl Espejo ;
_v25
830 0 _aEl Espejo ;
_v25
_9232983
852 _aES-MaACL
_jL-1150
_bR.101963
999 _c145389
_d145389